[Event "31st 4NCL Congress"]
[Site "Harrogate, North Yorkshire, ENG"]
[Date "2024.01.20"]
[Round "2.6"]
[White "Henderson, David"]
[Black "Bulford, Michael"]
[Result "1/2-1/2"]
[WhiteElo "2115"]
[BlackElo "2247"]
[PlyCount "165"]
[EventDate "2024.01.19"]

1. e4 e5 2. Nf3 Nc6 3. Bb5 a6 4. Ba4 d6 5. O-O Nge7 6. c3 Bd7 7. d4 Ng6 8. Be3
Be7 9. Nbd2 O-O 10. h3 Kh8 11. dxe5 dxe5 12. Re1 Qe8 13. Bc2 Nd8 14. Nf1 Ne6
15. Ng3 Rd8 16. Qe2 Nef4 17. Qf1 Nh4 18. Nxh4 Bxh4 19. Rad1 Qe6 20. Nf5 Bb5 21.
Bb3 Bxf1 22. Bxe6 Nxe6 23. Kxf1 Bf6 24. Ke2 h5 25. Ng3 g6 26. Rd5 c6 27. Rxd8
Rxd8 28. Rd1 Rxd1 29. Kxd1 Kg7 30. Ne2 Be7 31. Kd2 Bd6 32. b4 f5 33. Kd3 f4 34.
Bb6 Kf6 35. a3 Ke7 36. f3 Kd7 37. Bf2 Kc7 38. Nc1 b6 39. Nb3 Be7 40. a4 b5 41.
axb5 axb5 42. Be1 Nd8 43. c4 Nb7 44. c5 Kd7 45. h4 Ke6 46. Bf2 Nd8 47. Be1 g5
48. hxg5 Bxg5 49. Bf2 Kd7 50. Ke2 Ne6 51. Kd3 Nf8 52. Ke2 Ng6 53. Nd2 Bh4 54.
Nb3 Bg3 55. Be1 Nh4 56. Bxg3 fxg3 57. Kf1 Ng6 58. Nc1 Nf4 59. Ne2 Nd3 60. Nxg3
Nxb4 61. Nxh5 Nd3 62. Ke2 Nxc5 63. g3 Ke7 64. Ke3 b4 65. Kd2 Kf7 66. g4 Ne6 67.
Ng3 Nd4 68. Ke3 c5 69. Ne2 Nb5 70. Kd3 Nd6 71. f4 c4+ 72. Ke3 exf4+ 73. Nxf4 b3
74. Ne2 Nb5 75. Kd2 Kf6 76. Kc1 Nd6 77. Kb2 Nxe4 78. Nd4 Nc5 79. Kc3 Kg5 80.
Nf3+ Kf4 81. Nd2 Ne4+ 82. Kxc4 Nxd2+ 83. Kc3 1/2-1/2

[Event "31st 4NCL Congress"]
[Site "Harrogate, North Yorkshire, ENG"]
[Date "2024.01.20"]
[Round "2.7"]
[White "Fava, Lorenzo"]
[Black "Sasikumar, Srivathsan"]
[Result "1-0"]
[WhiteElo "2245"]
[BlackElo "1852"]
[PlyCount "215"]
[EventDate "2024.01.19"]

1. e4 c5 2. Nf3 Nc6 3. d4 cxd4 4. Nxd4 g6 5. c4 Nf6 6. Nc3 d6 7. Be2 Nxd4 8.
Qxd4 Bg7 9. Be3 O-O 10. Qd2 Be6 11. f3 Rc8 12. Nd5 Bxd5 13. cxd5 a6 14. O-O Qd7
15. a4 e6 16. dxe6 fxe6 17. Rfd1 Rfd8 18. Bb6 Re8 19. Qxd6 Qxd6 20. Rxd6 Rc2
21. Bd3 Rxb2 22. Rb1 Rxb1+ 23. Bxb1 Bf8 24. Rd2 Rc8 25. Ba2 Kf7 26. Kf1 Rc1+
27. Ke2 Bb4 28. Rb2 Ba3 29. Rd2 Bb4 30. Rb2 Bc3 31. Rb3 Nd7 32. Bb1 Re1+ 33.
Kd3 Be5 34. Bf2 Rh1 35. Rxb7 Ke7 36. Bg3 Bxg3 37. hxg3 Rg1 38. Ke3 Rxg2 39. Bd3
Kd6 40. Bxa6 Nc5 41. Ra7 Rxg3 42. Bb5 h5 43. Kf2 Rg5 44. Rg7 Ke5 45. Rf7 Kd4
46. Rf8 Kc3 47. Ke3 Kb4 48. Kf4 Rg1 49. Be8 h4 50. Rh8 g5+ 51. Ke3 Rg3 52. Bf7
Kxa4 53. Kd4 Rxf3 54. Kc4 Na6 55. Ra8 Ka5 56. Bxe6 Kb6 57. Rg8 Rg3 58. Bf5 h3
59. Rh8 g4 60. Rh4 Rg2 61. Bxg4 h2 62. Bf5 Rc2+ 63. Kd4 Rd2+ 64. Ke3 Ra2 65.
Be6 Rb2 66. Bc4 Nc5 67. Rh6+ Kc7 68. e5 Kd7 69. Kd4 Nb7 70. Rh7+ Ke8 71. Kc3
Rf2 72. Kd4 Rb2 73. Bd5 Nd8 74. Rh8+ Ke7 75. Rh7+ Ke8 76. Ke4 Rf2 77. e6 Re2+
78. Kf5 Nxe6 79. Bxe6 Rf2+ 80. Ke5 Re2+ 81. Kd6 Rd2+ 82. Bd5 Kf8 83. Ke5 Re2+
84. Kf4 Rf2+ 85. Kg3 Rd2 86. Bg2 Kg8 87. Ra7 Rd3+ 88. Kxh2 Rc3 89. Be4 Re3 90.
Bd5+ Kf8 91. Kg2 Rc3 92. Bf3 Rc4 93. Kg3 Rb4 94. Bg4 Rc4 95. Kh4 Rc5 96. Bh5
Re5 97. Rf7+ Kg8 98. Bg6 Re1 99. Rd7 Kf8 100. Kg5 Re7 101. Rd6 Kg7 102. Bf5 Kf7
103. Rh6 Kf8 104. Bg6 Re1 105. Kf6 Rf1+ 106. Bf5 Kg8 107. Rh2 Rf3 108. Ra2 1-0

[Event "31st 4NCL Congress"]
[Site "Harrogate, North Yorkshire, ENG"]
[Date "2024.01.20"]
[Round "2.8"]
[White "Kryshtafor, Maksym"]
[Black "Burnett, Andrew"]
[Result "0-1"]
[WhiteElo "1836"]
[BlackElo "2244"]
[PlyCount "130"]
[EventDate "2024.01.19"]

1. e4 c5 2. Nf3 d6 3. c3 Nf6 4. Bd3 Bg4 5. O-O g6 6. h3 Bxf3 7. Qxf3 Nc6 8. Bb5
Qb6 9. Ba4 Bg7 10. d3 O-O 11. Nd2 Qa6 12. Bxc6 Qxc6 13. Nc4 b5 14. Ne3 e6 15.
Ng4 Nxg4 16. Qxg4 b4 17. Bd2 Rab8 18. Qd1 d5 19. Re1 bxc3 20. bxc3 dxe4 21.
dxe4 Rfd8 22. Qc2 c4 23. Rab1 Rxb1 24. Rxb1 h5 25. Be3 Rd3 26. Bxa7 Rxc3 27.
Rb8+ Kh7 28. Qb1 Be5 29. Rd8 Qxe4 30. Rd1 Qxb1 31. Rxb1 Ra3 32. Bb8 Bxb8 33.
Rxb8 Rxa2 34. Kf1 c3 35. Rc8 c2 36. Ke1 Ra1+ 37. Kd2 Rf1 38. Kxc2 Rxf2+ 39. Kd3
Rxg2 40. Ke3 Rg3+ 41. Kf2 Rxh3 42. Kg2 Ra3 43. Kh2 g5 44. Kg2 Kg6 45. Kh2 Kf5
46. Kg2 h4 47. Kh2 g4 48. Rc7 Ra2+ 49. Kh1 f6 50. Rc1 g3 51. Rf1+ Rf2 52. Re1
g2+ 53. Kh2 Rf1 54. Rxf1+ gxf1=N+ 55. Kh3 Kf4 56. Kg2 e5 57. Kh1 e4 58. Kg1 e3
59. Kg2 h3+ 60. Kg1 e2 61. Kf2 h2 62. Ke1 h1=Q 63. Kf2 Qf3+ 64. Kg1 Qg3+ 65.
Kh1 Qh2# 0-1

[Event "31st 4NCL Congress"]
[Site "Harrogate, North Yorkshire, ENG"]
[Date "2024.01.20"]
[Round "2.9"]
[White "Zhu, Yaoyao"]
[Black "Badacsonyi, Frankie"]
[Result "0-1"]
[WhiteElo "2067"]
[BlackElo "2201"]
[PlyCount "82"]
[EventDate "2024.01.19"]

1. e4 c6 2. d4 d5 3. e5 Bf5 4. h4 h5 5. Bd3 Bxd3 6. Qxd3 Qa5+ 7. Nd2 e6 8. Ngf3
Nh6 9. O-O Nf5 10. Nb3 Qa6 11. Qd1 b6 12. Re1 c5 13. dxc5 Bxc5 14. c3 Nc6 15.
Bg5 Qa4 16. Qd3 O-O 17. Nxc5 bxc5 18. b3 Qa5 19. Nd2 Qc7 20. Qe2 Rae8 21. Rac1
f6 22. Bf4 fxe5 23. Bxe5 Qf7 24. Nf3 Nxh4 25. Bd6 Nxf3+ 26. Qxf3 Qxf3 27. gxf3
Rxf3 28. Bxc5 Rf5 29. b4 a6 30. a4 Ne5 31. Re3 Nc4 32. Re2 Re5 33. Rce1 Rxe2
34. Rxe2 Kf7 35. Kg2 Kf6 36. Bd4+ Kf5 37. b5 axb5 38. axb5 Rb8 39. b6 e5 40.
Bc5 Nxb6 41. Bd6 Re8 0-1

[Event "31st 4NCL Congress"]
[Site "Harrogate, North Yorkshire, ENG"]
[Date "2024.01.20"]
[Round "2.10"]
[White "Shearsby, Jude"]
[Black "Nicholson, Jim WR"]
[Result "1-0"]
[WhiteElo "2196"]
[BlackElo "2063"]
[PlyCount "55"]
[EventDate "2024.01.19"]

1. e4 c6 2. d4 d5 3. e5 c5 4. dxc5 e6 5. a3 Nc6 6. Nf3 Bxc5 7. b4 Bb6 8. Bb2
Nge7 9. Bd3 Bc7 10. O-O Ng6 11. Re1 O-O 12. Nbd2 Bd7 13. c4 Nce7 14. g3 f6 15.
exf6 gxf6 16. h4 Qb8 17. Nf1 b5 18. cxb5 e5 19. h5 Nh8 20. Nh4 Nf7 21. Ne3 Be6
22. Nef5 Nxf5 23. Bxf5 Bxf5 24. Nxf5 Kh8 25. Qxd5 Qb6 26. Qc6 Ng5 27. Kg2 Rad8
28. Rad1 1-0

[Event "31st 4NCL Congress"]
[Site "Harrogate, North Yorkshire, ENG"]
[Date "2024.01.20"]
[Round "2.11"]
[White "Banerjee, Supratit"]
[Black "Doran, Chris"]
[Result "1-0"]
[WhiteElo "2176"]
[BlackElo "2002"]
[PlyCount "141"]
[EventDate "2024.01.19"]

1. e4 c5 2. c3 Nf6 3. e5 Nd5 4. d4 cxd4 5. cxd4 d6 6. Nf3 Nc6 7. Bc4 Nb6 8. Bb5
dxe5 9. Nxe5 Bd7 10. Nxd7 Qxd7 11. Nc3 e6 12. O-O Be7 13. Qg4 O-O 14. Rd1 Nd5
15. Bh6 Bf6 16. Rd3 Kh8 17. Bg5 Bxg5 18. Qxg5 Qe7 19. Qxe7 Ncxe7 20. Re1 Kg8
21. Bc4 Rfd8 22. g3 Rac8 23. Bb3 g6 24. f4 Kg7 25. a4 a5 26. Kf2 Rd7 27. Ne4 b6
28. Ng5 Rd6 29. Nf3 Rcd8 30. Red1 Nc6 31. h3 h6 32. Bc4 Ncb4 33. R3d2 Rc8 34.
b3 Rcd8 35. Re1 Nc6 36. Rc1 Nf6 37. Ke3 Nb4 38. Ne5 Nc6 39. Rcd1 Nb4 40. g4
Nfd5+ 41. Bxd5 Nxd5+ 42. Kf3 Rc8 43. Nc4 Rdc6 44. Re1 Rd8 45. Re5 f6 46. Re1
Kf7 47. h4 Ne7 48. Rg1 Rd5 49. Re1 Rd8 50. Rd3 Nd5 51. g5 hxg5 52. fxg5 Rh8 53.
Kg3 Ne7 54. Re4 Nf5+ 55. Kh3 Nd6 56. Rf4 Nxc4 57. Rxf6+ Kg7 58. bxc4 Rxc4 59.
Rdf3 Rc7 60. Rxe6 Rd8 61. Rf4 Rcd7 62. Ree4 Rf7 63. Kg4 Rd5 64. Rxf7+ Kxf7 65.
h5 gxh5+ 66. Kxh5 b5 67. axb5 Rxb5 68. Kh6 a4 69. g6+ Kf6 70. Rf4+ Ke7 71. g7
1-0

[Event "31st 4NCL Congress"]
[Site "Harrogate, North Yorkshire, ENG"]
[Date "2024.01.20"]
[Round "2.12"]
[White "Senior, Gary"]
[Black "Latypova, Olga L"]
[Result "1-0"]
[WhiteElo "2142"]
[BlackElo "1917"]
[PlyCount "45"]
[EventDate "2024.01.19"]

1. e4 c5 2. Nf3 e6 3. d3 Nc6 4. g3 Qc7 5. Bg2 g6 6. O-O Bg7 7. c3 Nge7 8. Re1
O-O 9. Be3 d6 10. d4 Rd8 11. d5 exd5 12. exd5 Ne5 13. Nxe5 Bxe5 14. Bg5 Re8 15.
Na3 Bg7 16. Nb5 Qd7 17. Qe2 Kf8 18. Bf4 Be5 19. Bxe5 dxe5 20. d6 Nf5 21. Nc7
Qxd6 22. Nxe8 Kxe8 23. Rad1 1-0

[Event "31st 4NCL Congress"]
[Site "Harrogate, North Yorkshire, ENG"]
[Date "2024.01.20"]
[Round "2.13"]
[White "Larchikov, Maksym"]
[Black "Garnett, John S"]
[Result "1-0"]
[WhiteElo "2129"]
[BlackElo "1949"]
[PlyCount "49"]
[EventDate "2024.01.19"]

1. d4 d5 2. c4 dxc4 3. Nf3 c6 4. e3 Be6 5. a4 Nf6 6. Na3 Nbd7 7. Nxc4 Bxc4 8.
Bxc4 Nb6 9. Bd3 e6 10. O-O Be7 11. Ne5 O-O 12. a5 Nbd7 13. a6 Qc7 14. axb7 Qxb7
15. Qc2 Nxe5 16. dxe5 Nd7 17. Bxh7+ Kh8 18. f4 f5 19. Bg6 Rfd8 20. Qe2 Nf6 21.
exf6 Bxf6 22. Rb1 a5 23. b3 Rd5 24. Bb2 Rad8 25. Qh5+ 1-0

[Event "31st 4NCL Congress"]
[Site "Harrogate, North Yorkshire, ENG"]
[Date "2024.01.20"]
[Round "2.14"]
[White "Idle, Oscar J"]
[Black "Pitel, Benedikt"]
[Result "1-0"]
[WhiteElo "2125"]
[BlackElo "1872"]
[PlyCount "63"]
[EventDate "2024.01.19"]

1. d4 d5 2. c4 c6 3. Nf3 Nf6 4. Qb3 e6 5. Bg5 Nbd7 6. Nc3 Be7 7. e3 O-O 8. Rc1
b6 9. cxd5 exd5 10. Be2 h6 11. Bh4 Re8 12. O-O Bb7 13. a4 Rb8 14. a5 Bd6 15. a6
Bc8 16. Na2 c5 17. Bb5 c4 18. Qa4 Re6 19. Nc3 Be7 20. b3 cxb3 21. Qxb3 Rd6 22.
Bg3 Re6 23. Nxd5 Bd6 24. Bxd6 Rxd6 25. Nb4 Nf8 26. Nc6 Ra8 27. Nxd8 Rxd8 28.
Bc4 Ne6 29. Ne5 Ne4 30. Bd5 Nd2 31. Qa2 Nxf1 32. Bxa8 1-0

[Event "31st 4NCL Congress"]
[Site "Harrogate, North Yorkshire, ENG"]
[Date "2024.01.20"]
[Round "2.15"]
[White "Wynarczyk, Raymond"]
[Black "Longson, Sarah N"]
[Result "1/2-1/2"]
[WhiteElo "1868"]
[BlackElo "2115"]
[PlyCount "108"]
[EventDate "2024.01.19"]

1. e4 e5 2. Nf3 Nc6 3. Bc4 Nf6 4. d3 Be7 5. c3 O-O 6. Bb3 d5 7. exd5 Nxd5 8. h3
Bf5 9. O-O Nb6 10. Bc2 Qd7 11. Qe2 Bf6 12. Nbd2 Rfe8 13. Ne4 Be7 14. Be3 Rad8
15. Rad1 Qe6 16. a3 Qg6 17. Ng3 Bf6 18. Nxf5 Qxf5 19. Bxb6 axb6 20. Qe4 Qxe4
21. dxe4 Kf8 22. Ba4 Rxd1 23. Rxd1 Rd8 24. Rxd8+ Nxd8 25. Bb3 Ke7 26. g4 Kd6
27. Kf1 b5 28. Ke2 c5 29. Bd5 Be7 30. b4 b6 31. Kd3 g6 32. c4 cxb4 33. axb4 Ne6
34. Bxe6 Kxe6 35. Kc3 bxc4 36. Kxc4 f5 37. exf5+ gxf5 38. Kb5 f4 39. Kxb6 Bxb4
40. Ng5+ Kd5 41. f3 h6 42. Ne4 Kd4 43. h4 Ke3 44. g5 hxg5 45. Nxg5 Be1 46. Nf7
e4 47. fxe4 Kxe4 48. Ng5+ Ke3 49. h5 Bh4 50. Nh3 f3 51. Kc5 Ke4 52. h6 Kf5 53.
h7 Bf6 54. Kd5 Kg6 1/2-1/2

[Event "31st 4NCL Congress"]
[Site "Harrogate, North Yorkshire, ENG"]
[Date "2024.01.20"]
[Round "2.16"]
[White "Sheppard, Derek A"]
[Black "Pal, Rohan"]
[Result "0-1"]
[WhiteElo "1703"]
[BlackElo "2111"]
[PlyCount "72"]
[EventDate "2024.01.19"]

1. d4 Nf6 2. Nf3 e6 3. g3 b5 4. Bg2 Bb7 5. O-O c5 6. a4 b4 7. c4 cxd4 8. Nxd4
Bxg2 9. Kxg2 Qc7 10. b3 Bc5 11. Kg1 a6 12. Bb2 h5 13. Nd2 h4 14. N2f3 Nc6 15.
Qd3 O-O-O 16. Rfd1 e5 17. Nxc6 e4 18. Qc2 dxc6 19. Rxd8+ Qxd8 20. Rd1 Qb6 21.
Nd4 Qc7 22. e3 hxg3 23. hxg3 Qd7 24. Kf1 Bxd4 25. Bxd4 Qf5 26. Bxf6 gxf6 27.
Ke1 Rh1+ 28. Kd2 Qxf2+ 29. Kc1 Qxe3+ 30. Kb2 Qc3+ 31. Kb1 Qxc2+ 32. Kxc2 Rxd1
33. Kxd1 f5 34. Ke2 Kd7 35. Ke3 Kd6 36. Kf4 Kc5 0-1

[Event "31st 4NCL Congress"]
[Site "Harrogate, North Yorkshire, ENG"]
[Date "2024.01.20"]
[Round "2.17"]
[White "Booth, Steven B"]
[Black "Baer, Bruce L"]
[Result "1-0"]
[WhiteElo "1908"]
[BlackElo "2090"]
[PlyCount "44"]
[EventDate "2024.01.19"]

1. d4 g6 2. c4 d6 3. e4 e5 4. Nc3 Nc6 5. d5 Nd4 6. Bd3 c5 7. Nge2 h5 8. b4 b6
9. bxc5 bxc5 10. Rb1 h4 11. h3 Bh6 12. f4 exf4 13. Nxd4 cxd4 14. Nb5 Nf6 15.
Nxd4 O-O 16. Nc6 Qe8 17. Qf3 Nh5 18. O-O f6 19. Ba3 Qd7 20. c5 Bb7 21. Bb5 f5
22. cxd6 Ng3 1-0

[Event "31st 4NCL Congress"]
[Site "Harrogate, North Yorkshire, ENG"]
[Date "2024.01.20"]
[Round "2.18"]
[White "Mesesan, Mircea-Marius"]
[Black "Hutchinson, Paul A"]
[Result "1-0"]
[WhiteElo "2026"]
[BlackElo "2081"]
[PlyCount "91"]
[EventDate "2024.01.19"]

1. d4 g6 2. Nf3 Nf6 3. e3 Bg7 4. Bd3 d6 5. O-O O-O 6. b3 b6 7. Bb2 Bb7 8. Nbd2
c5 9. Re1 Nc6 10. a3 Qc7 11. c4 e5 12. d5 Ne7 13. Qc2 Ne8 14. Nf1 f5 15. e4 f4
16. b4 h6 17. bxc5 bxc5 18. a4 g5 19. h3 Ng6 20. a5 Ba6 21. Qa4 Bf6 22. N1h2 h5
23. Bc3 Rc8 24. Be2 Qh7 25. Nd2 Bd8 26. Reb1 Nf6 27. Rb2 Rf7 28. f3 Nf8 29. Qc2
N8d7 30. Rab1 Rg7 31. Re1 Be7 32. Nb1 g4 33. fxg4 hxg4 34. Nxg4 Nxg4 35. Bxg4
Rxg4 36. hxg4 Bh4 37. Na3 Bg3 38. Qa4 Nf6 39. g5 Ng4 40. g6 Qh2+ 41. Kf1 Ne3+
42. Rxe3 fxe3 43. Qd7 Rf8+ 44. Ke2 Qxg2+ 45. Kd3 Qf3 46. Qh7# 1-0

[Event "31st 4NCL Congress"]
[Site "Harrogate, North Yorkshire, ENG"]
[Date "2024.01.20"]
[Round "2.19"]
[White "Alldritt, Nigel RE"]
[Black "Cast, Julian"]
[Result "0-1"]
[WhiteElo "2072"]
[BlackElo "2024"]
[PlyCount "68"]
[EventDate "2024.01.19"]

1. d4 Nf6 2. c4 d6 3. Nc3 c6 4. e4 Qa5 5. Bd2 Qc7 6. Nf3 e5 7. d5 Na6 8. Rc1
Nc5 9. Qc2 a5 10. Be2 Be7 11. O-O Bg4 12. Be3 O-O 13. a3 Na6 14. Ne1 Bxe2 15.
Qxe2 Nd7 16. Nd3 Ndc5 17. Nxc5 Nxc5 18. Qc2 Nd7 19. b4 axb4 20. axb4 c5 21. Nb5
Qb6 22. Ra1 Ra6 23. Ra2 Rfa8 24. Rfa1 h6 25. g3 Kf8 26. Ra4 Bg5 27. f4 exf4 28.
gxf4 Bf6 29. R1a2 g5 30. bxc5 Nxc5 31. Rxa6 bxa6 32. fxg5 Bxg5 33. Qf2 Rc8 34.
Qf5 Bxe3+ 0-1

[Event "31st 4NCL Congress"]
[Site "Harrogate, North Yorkshire, ENG"]
[Date "2024.01.20"]
[Round "2.20"]
[White "Brencher, Paul"]
[Black "McLean, Robert"]
[Result "0-1"]
[WhiteElo "2009"]
[BlackElo "2068"]
[PlyCount "124"]
[EventDate "2024.01.19"]

1. d4 e6 2. c4 Nf6 3. Nf3 d5 4. Nc3 Bb4 5. Bg5 h6 6. Bxf6 Qxf6 7. a3 Bxc3+ 8.
bxc3 O-O 9. e3 b6 10. cxd5 exd5 11. Be2 Nc6 12. O-O Na5 13. Ne5 Qd6 14. Bf3 Ba6
15. Re1 Rac8 16. Qa4 c5 17. Qd7 Qxd7 18. Nxd7 Rfd8 19. Ne5 g6 20. g3 Kg7 21.
Red1 cxd4 22. cxd4 Nb3 23. Rab1 Rc3 24. Bg2 f6 25. Nf3 Bd3 26. Rb2 Be4 27. h4
Rdc8 28. Kh2 Na5 29. Ra2 Rc2 30. Rd2 Rxa2 31. Rxa2 Rc3 32. Nd2 Bxg2 33. Kxg2
Nc4 34. Nxc4 dxc4 35. Kf3 f5 36. Ke2 b5 37. Kd2 Rb3 38. Kc2 Kf6 39. Rb2 Rxb2+
40. Kxb2 Ke6 41. Kc3 Kd5 42. a4 bxa4 43. Kb4 a5+ 44. Kxa4 Ke4 45. f3+ Kxe3 46.
d5 c3 47. Kb3 Kd3 48. d6 c2 49. d7 c1=Q 50. d8=Q+ Ke2 51. Qf6 Qb1+ 52. Ka3 Qb4+
53. Ka2 a4 54. Qxg6 Qb3+ 55. Ka1 a3 56. Qa6+ Kf2 57. Qa7+ Kg2 58. Qd4 Qb2+ 59.
Qxb2+ axb2+ 60. Kxb2 Kxg3 61. f4 Kxf4 62. Kc2 Kf3 0-1

[Event "31st 4NCL Congress"]
[Site "Harrogate, North Yorkshire, ENG"]
[Date "2024.01.20"]
[Round "2.21"]
[White "Pilley, Jack"]
[Black "Lampard, Alice"]
[Result "1-0"]
[WhiteElo "2068"]
[BlackElo "1963"]
[PlyCount "139"]
[EventDate "2024.01.19"]

1. e4 c5 2. Nf3 Nc6 3. Bb5 g6 4. O-O Bg7 5. c3 Nf6 6. Re1 O-O 7. d4 cxd4 8.
cxd4 d5 9. e5 Ne4 10. Nc3 Nxc3 11. bxc3 Na5 12. Ba3 Bf5 13. h3 Rc8 14. g4 Bd7
15. Bxd7 Qxd7 16. Kg2 Nc4 17. Bc1 Rc6 18. Bf4 Rfc8 19. Rc1 b5 20. Qb3 a6 21. a4
bxa4 22. Qxa4 Nb2 23. Qc2 Nc4 24. Ra1 Rb6 25. Reb1 Qc6 26. Rxb6 Qxb6 27. Qa2 a5
28. Nd2 Qc6 29. Qa4 Qxa4 30. Rxa4 Nxd2 31. Bxd2 Ra8 32. c4 dxc4 33. Rxa5 Rc8
34. Bc3 Kf8 35. Kf3 Ke8 36. Ra7 Bf8 37. d5 Bg7 38. Ke4 Rd8 39. Rc7 Bf8 40. f4
Ra8 41. Rxc4 Kd7 42. f5 Bh6 43. e6+ fxe6 44. fxe6+ Kd8 45. Be5 Rc8 46. Ra4 Rc1
47. Ra8+ Rc8 48. Rxc8+ Kxc8 49. Kd4 Bc1 50. Kc5 Kd8 51. d6 exd6+ 52. Bxd6 Ke8
53. Kd5 h5 54. gxh5 gxh5 55. Ke5 Bd2 56. Kf5 h4 57. Be5 Be1 58. Bf6 Bf2 59. Kg4
Be1 60. Bxh4 Bc3 61. Kf5 Bb2 62. Bf6 Bc1 63. h4 Kf8 64. Kg6 Ba3 65. h5 Bc1 66.
h6 Bxh6 67. Kxh6 Kg8 68. Kg6 Kf8 69. e7+ Ke8 70. Kg7 1-0

[Event "31st 4NCL Congress"]
[Site "Harrogate, North Yorkshire, ENG"]
[Date "2024.01.20"]
[Round "2.22"]
[White "Patel, Keatan"]
[Black "Bak, Christopher"]
[Result "0-1"]
[WhiteElo "1950"]
[BlackElo "2048"]
[PlyCount "58"]
[EventDate "2024.01.19"]

1. e4 g6 2. d4 Bg7 3. c4 d6 4. Nc3 e5 5. Be3 Nc6 6. d5 Nd4 7. Bxd4 exd4 8. Nce2
c5 9. g3 Qe7 10. Bg2 f5 11. Qd3 Nf6 12. f3 fxe4 13. fxe4 Ng4 14. Nf3 Ne3 15.
Kf2 Ng4+ 16. Kg1 Bh6 17. Nf4 O-O 18. h3 Bxf4 19. gxf4 Ne3 20. e5 Rxf4 21. e6 b5
22. b3 bxc4 23. bxc4 Ba6 24. Rc1 Rb8 25. Rh2 Rb4 26. Nd2 Qh4 27. Be4 Bxc4 28.
Nxc4 Rxc4 29. Rxc4 Qe1+ 0-1

[Event "31st 4NCL Congress"]
[Site "Harrogate, North Yorkshire, ENG"]
[Date "2024.01.20"]
[Round "2.23"]
[White "Skettos, Nicolas"]
[Black "Flynn, David"]
[Result "1-0"]
[WhiteElo "2044"]
[BlackElo "1907"]
[PlyCount "79"]
[EventDate "2024.01.19"]

1. e4 c5 2. Nf3 Nc6 3. d4 cxd4 4. Nxd4 g6 5. Nc3 Bg7 6. Be3 Nf6 7. Bc4 O-O 8.
Bb3 Re8 9. O-O d6 10. h3 Bd7 11. f4 Qa5 12. Qd3 Rad8 13. Nf3 Bc8 14. Ng5 e6 15.
Rad1 h6 16. Nf3 d5 17. exd5 Nxd5 18. Nxd5 exd5 19. c3 Bf5 20. Qd2 Be4 21. Nd4
Nxd4 22. Bxd4 f5 23. Bxg7 Kxg7 24. Qd4+ Kh7 25. Qf6 Qc5+ 26. Rd4 Rf8 27. Qh4 b5
28. Kh2 a5 29. Qf2 Rfe8 30. a3 Qc6 31. Rfd1 Rd7 32. Qd2 Red8 33. a4 b4 34. c4
Qc7 35. cxd5 g5 36. d6 Qc6 37. fxg5 hxg5 38. Qxg5 Rf8 39. Be6 Rdd8 40. Rc1 1-0

[Event "31st 4NCL Congress"]
[Site "Harrogate, North Yorkshire, ENG"]
[Date "2024.01.20"]
[Round "2.24"]
[White "Ganti, Shriaansh"]
[Black "Hepworth, Peter"]
[Result "0-1"]
[WhiteElo "1854"]
[BlackElo "2029"]
[PlyCount "98"]
[EventDate "2024.01.19"]

1. d4 Nf6 2. c4 e6 3. Nc3 d5 4. cxd5 Nxd5 5. e4 Nxc3 6. bxc3 c5 7. Bb5+ Nd7 8.
Nf3 cxd4 9. Qxd4 a6 10. Bxd7+ Qxd7 11. O-O Qxd4 12. cxd4 b5 13. Bf4 Ba3 14.
Rab1 Bb7 15. Rfe1 f6 16. Re3 Be7 17. Rc1 g5 18. Bg3 Bd8 19. Bd6 Rc8 20. Rxc8
Bxc8 21. e5 f5 22. Rc3 Bb7 23. Nd2 Ba5 24. Rc2 Bb6 25. Nb3 Kd7 26. Bc5 Rc8 27.
Rd2 Bd5 28. Bxb6 Bxb3 29. Bc5 Bc4 30. a3 Kc6 31. f3 Kd5 32. Rb2 a5 33. Kf2 Rb8
34. Rb1 f4 35. g3 Ra8 36. Ra1 h5 37. gxf4 gxf4 38. h4 Rc8 39. Rb1 Bd3 40. Rc1
b4 41. axb4 axb4 42. Rd1 Bc2 43. Rd2 b3 44. Ba3 Rg8 45. Bb2 Ra8 46. Kg1 Ra2 47.
Bc3 Kc4 48. Re2 Kxc3 49. d5 Ra1+ 0-1

[Event "31st 4NCL Congress"]
[Site "Harrogate, North Yorkshire, ENG"]
[Date "2024.01.20"]
[Round "3.2"]
[White "Arkell, Keith C"]
[Black "Fava, Lorenzo"]
[Result "1/2-1/2"]
[WhiteElo "2424"]
[BlackElo "2245"]
[PlyCount "98"]
[EventDate "2024.01.19"]

1. d4 Nf6 2. Nf3 e6 3. c4 d5 4. cxd5 exd5 5. Nc3 c6 6. Qc2 g6 7. Bg5 Be7 8. e3
Bf5 9. Bd3 Bxd3 10. Qxd3 O-O 11. Bxf6 Bxf6 12. b4 a6 13. O-O Nd7 14. a4 Nb6 15.
Qc2 Nc4 16. Ne1 Qe7 17. Nd3 Bg7 18. Rfe1 f5 19. b5 axb5 20. axb5 Rxa1 21. Rxa1
f4 22. exf4 Bxd4 23. bxc6 bxc6 24. Re1 Qf6 25. Ne2 Bb6 26. Nec1 Ba5 27. Re2 Rb8
28. g3 Qc3 29. Qd1 Nb2 30. Nxb2 Rxb2 31. Rxb2 Qxb2 32. Nd3 Qd4 33. Qe2 Qe4 34.
Qxe4 dxe4 35. Ne5 Bc3 36. Nxc6 Kf7 37. f3 exf3 38. Kf2 Ke6 39. Kxf3 Kd6 40. Nd8
Ke7 41. Nb7 Bb4 42. Ke4 h5 43. Ke5 Bc3+ 44. Kd5 Bb4 45. Nc5 Bxc5 46. Kxc5 Ke6
47. Kd4 Kf5 48. Ke3 Kg4 49. Kf2 h4 1/2-1/2

[Event "31st 4NCL Congress"]
[Site "Harrogate, North Yorkshire, ENG"]
[Date "2024.01.20"]
[Round "3.3"]
[White "Burnett, Andrew"]
[Black "Wells, Peter K"]
[Result "0-1"]
[WhiteElo "2244"]
[BlackElo "2347"]
[PlyCount "100"]
[EventDate "2024.01.19"]

1. d4 Nf6 2. c4 e6 3. Nc3 Bb4 4. Nf3 b6 5. g3 Bb7 6. Bg2 Bxc3+ 7. bxc3 O-O 8.
Bg5 d6 9. Qd3 Nbd7 10. O-O Rc8 11. Bh3 h6 12. Bxf6 Qxf6 13. Nd2 c5 14. e4 Qg6
15. f4 cxd4 16. cxd4 Qh5 17. Bg2 e5 18. fxe5 dxe5 19. Rf5 Qg6 20. d5 Qd6 21.
Rf2 Rc7 22. Bh3 Nc5 23. Qe3 Bc8 24. Bxc8 Rfxc8 25. Raf1 Nb7 26. Qe2 Qg6 27. Nf3
Nd6 28. Nxe5 Qxe4 29. Nc6 Re8 30. Qxe4 Rxe4 31. Rf4 Rxc4 32. Rxc4 Nxc4 33. Kf2
Kf8 34. Rc1 Ne5 35. Ke3 Nxc6 36. d6 Rc8 37. d7 Rd8 38. Rxc6 Rxd7 39. g4 Ke7 40.
h4 Kd8 41. Rc2 Rc7 42. Rd2+ Ke7 43. Rd4 Rc3+ 44. Kf4 b5 45. Rd2 Rc4+ 46. Kf3
Ra4 47. h5 a5 48. Kg3 Rc4 49. Rf2 b4 50. Rd2 a4 0-1

[Event "31st 4NCL Congress"]
[Site "Harrogate, North Yorkshire, ENG"]
[Date "2024.01.20"]
[Round "3.4"]
[White "Senior, Gary"]
[Black "Townsend, M Paul"]
[Result "1/2-1/2"]
[WhiteElo "2142"]
[BlackElo "2264"]
[PlyCount "74"]
[EventDate "2024.01.19"]

1. e4 e6 2. d4 d5 3. Nd2 c5 4. Ngf3 Nc6 5. exd5 exd5 6. Bb5 Bd6 7. dxc5 Bxc5 8.
O-O Nge7 9. Nb3 Bd6 10. Re1 O-O 11. Bd3 h6 12. h3 Nf5 13. c3 Qf6 14. Bc2 Rd8
15. Qd3 g6 16. Bd2 a5 17. a4 b6 18. Qe2 Ba6 19. Qd1 Bf8 20. Bxf5 Qxf5 21. Be3
Rab8 22. Nbd4 Nxd4 23. Nxd4 Qf6 24. Qd2 Kh7 25. Bf4 Rbc8 26. Be5 Qh4 27. Qe3
Bg7 28. Nf3 Qc4 29. Qxb6 Qc6 30. Qxa5 Ra8 31. Qb4 Bc4 32. Bxg7 Kxg7 33. Re7 Qf6
34. Rae1 Rdb8 35. Qc5 Rxb2 36. Qd4 Rxa4 37. Rc7 Qxd4 1/2-1/2

[Event "31st 4NCL Congress"]
[Site "Harrogate, North Yorkshire, ENG"]
[Date "2024.01.20"]
[Round "3.5"]
[White "Bulford, Michael"]
[Black "Larchikov, Maksym"]
[Result "1/2-1/2"]
[WhiteElo "2247"]
[BlackElo "2129"]
[PlyCount "38"]
[EventDate "2024.01.19"]

1. d4 d5 2. c4 e6 3. Nc3 Nf6 4. Bg5 Be7 5. e3 O-O 6. Nf3 h6 7. Bh4 b6 8. cxd5
Nxd5 9. Bxe7 Qxe7 10. Rc1 Bb7 11. Bd3 Rc8 12. O-O c5 13. Qd2 Nd7 14. Rfd1 cxd4
15. Nxd4 Nxc3 16. Rxc3 Rxc3 17. Qxc3 Rc8 18. Qe1 Nc5 19. Bf1 Rd8 1/2-1/2

[Event "31st 4NCL Congress"]
[Site "Harrogate, North Yorkshire, ENG"]
[Date "2024.01.20"]
[Round "3.6"]
[White "Badacsonyi, Frankie"]
[Black "Idle, Oscar J"]
[Result "1-0"]
[WhiteElo "2201"]
[BlackElo "2125"]
[PlyCount "101"]
[EventDate "2024.01.19"]

1. d4 d5 2. c4 c6 3. Nf3 Nf6 4. Nbd2 e6 5. g3 Bd6 6. Bg2 O-O 7. O-O Nbd7 8. Qc2
Re8 9. Rd1 Qe7 10. e4 dxe4 11. Nxe4 Nxe4 12. Qxe4 e5 13. Bg5 Qf8 14. dxe5 Nxe5
15. Re1 Nxf3+ 16. Qxf3 Be6 17. b3 h6 18. Be3 a5 19. Qe2 a4 20. Qc2 Be5 21. Rad1
Bf6 22. Rb1 g6 23. Be4 Bg7 24. bxa4 f5 25. Bg2 Qf7 26. Bf1 Ra5 27. Bb6 Ra6 28.
a5 Re7 29. a4 Ra8 30. Rbd1 Rae8 31. Rd2 f4 32. Red1 Bg4 33. Rc1 Bf5 34. Qb3
fxg3 35. hxg3 h5 36. Rd8 Bg4 37. Rxe8+ Rxe8 38. Rb1 Re7 39. Bc5 Rd7 40. Bg2 Be6
41. a6 bxa6 42. Bxc6 Rc7 43. Qb6 Bxc4 44. Be8 Qxe8 45. Qxc7 Qe4 46. Rb8+ Kh7
47. Rb7 Qe1+ 48. Kh2 Qa1 49. Bf8 Bd5 50. Qxg7+ Qxg7 51. Rxg7+ 1-0